| 000 | 00695nam a2200217 a 4500 | ||
|---|---|---|---|
| 005 | 20240925064714.0 | ||
| 008 | 991125s1997 mx 000 0 spa u | ||
| 020 | _a968739116X (v.1) | ||
| 020 | _a968739117X (v.2) | ||
| 035 | _aUPN01000031782 | ||
| 049 | _aCG | ||
| 050 | 4 |
_aHM213 _bI58 |
|
| 245 | 1 | 4 |
_aLos intelectuales y los dilemas políticos en el siglo XX / _ccomp. Laura Baca Olamendí. |
| 260 |
_aMéxico : _bFLACSO : _bTriana, _c1997. |
||
| 300 | _a2 v. | ||
| 650 | 4 |
_aINTELECTUALES - _zAMERICA LATINA _95358 |
|
| 650 | 4 |
_aINTELECTUALES - _xHISTORIA - _ySIGLO XX _911257 |
|
| 650 | 4 |
_aPoder (Ciencias sociales) _91203 |
|
| 700 | 1 |
_aBaca Olamendi, Laura, _ecomp. _929104 |
|
| 905 | _aLibro | ||
| 999 |
_c31782 _d31782 |
||